| Tag |
First Indicator |
Second Indicator |
Subfields |
| LEADER |
00000nmm a22000001a 4500 |
| 001 |
in00004615721 |
| 006 |
m|||||o||m|||||||| |
| 007 |
cr|cn |||uuuuu |
| 008 |
221118s2021 xxu||||eo|||| ||||||eng d |
| 005 |
20221207214817.9 |
| 035 |
|
|
|a (TxWaIVM)IV85955ScWr
|
| 040 |
|
|
|a TxWaIVM
|c TxWaIVM
|
| 245 |
0 |
0 |
|a Wretches #5 /
|c powered by Library Pass.
|
| 260 |
3 |
|
|a [United States] :
|b Scout Comics,
|c 2021.
|
| 300 |
|
|
|a 1 online resource.
|
| 336 |
|
|
|a text
|b txt
|2 rdacontent
|
| 337 |
|
|
|a computer
|b c
|2 rdamedia
|
| 338 |
|
|
|a online resource
|b cr
|2 rdacarrier
|
| 520 |
|
|
|a Sean is forced to help the twisted bot who'd kidnapped him in the first place, as he attempts to infiltrate an alien city and rob the local drug-lord. The reward for his aid in this violent raid- the "promise" of getting Shea back in one-piece once they succeed. After being taken through their slums, Shea begins to recognize that the average bots and their wants aren't any different than those of humans - to live their lives in peace. Unfortunately for her, these bots are still under the rule of a power-hungry tyrant, and her execution is imminent.
|
| 521 |
|
|
|a 4
|
| 538 |
|
|
|a Requires a valid library card and registration for new users.
|
| 538 |
|
|
|a Mode of access: World Wide Web.
|
| 538 |
|
|
|a System requirements: Flash 10.1 or higher, Windows XP and higher, Internet Explorer 7 and higher, Firefox 3.6 and higher, Google Chrome; Max OS 10.5 and higher, Safari 4 and higher.
|
| 650 |
|
0 |
|a Comic books, strips, etc.
|
| 655 |
|
7 |
|a Electronic books.
|2 local
|
| 655 |
|
7 |
|a Comic books, strips, etc.
|2 gsafd
|
| 650 |
|
0 |
|a Detective and mystery comic books, strips, etc.
|
| 655 |
|
7 |
|a Detective and mystery comic books, strips, etc.
|2 gsafd
|
| 650 |
|
0 |
|a Dystopian
|
| 655 |
|
7 |
|a Dystopian
|2 gsafd
|
| 650 |
|
0 |
|a Fantasy comic books, strips, etc.
|
| 655 |
|
7 |
|a Fantasy comic books, strips, etc.
|2 gsafd
|
| 650 |
|
0 |
|a Horror comic books, strips, etc.
|
| 655 |
|
7 |
|a Horror comic books, strips, etc.
|2 gsafd
|
| 650 |
|
0 |
|a Comic books, strips, etc. --Robots
|
| 655 |
|
7 |
|a Comic books, strips, etc. --Robots
|2 gsafd
|
| 650 |
|
0 |
|a Science fiction comic books, strips, etc.
|
| 655 |
|
7 |
|a Science fiction comic books, strips, etc.
|2 gsafd
|
| 700 |
1 |
|
|a Roche, James E..
|e writer.
|
| 700 |
1 |
|
|a Farias, Salomon.
|e artist.
|
| 710 |
2 |
|
|a Library Pass, LLC.
|
| 856 |
4 |
0 |
|u http://proxy.library.tamu.edu/login?url=https://tamu.librarypass.com/product/scout.comics.wretches.five.english.12092021
|z Connect to this electronic book (First time users create your free account)
|t 0
|
| 955 |
|
|
|a Comics Plus.
|
| 999 |
f |
f |
|s bf41900e-2aa8-479e-880d-9d2456444d36
|i ef4b1fda-53bc-4c99-a367-c899311e3452
|t 0
|
| 952 |
f |
f |
|a Texas A&M University
|b College Station
|c Electronic Resources
|d Available Online
|t 0
|h Library of Congress classification
|
| 998 |
f |
f |
|t 0
|l Available Online
|